000
00310nam a22001337a 4500
008
170613b xxu||||| |||| 00| 0 eng d
020
_a
9780060899684
041
_a
eng
080
_a
94(7/8)
100
_a
17
101
_a
SHH
245
_a
APRIL 1865 THE MONTH THAT SAVED AMERICA
_c
WINIK,J
942
_2
udc
_c
BK
999
_c
17098
_d
17098